Counter-Strike: Source Guns in Real Life - Statistics

General Stats
  • This quiz has been taken 9 times
  • The average score is 16 of 24
Answer Stats
Picture Answer % Correct
AK-47 Type 3
100%
Colt M4A1
100%
FN P90
100%
HK MP5N
100%
IMI/Magnum Research Mark XIX
100%
Ingram MAC-10
100%
Steyr AUG A1
100%
FAMAS F1
86%
FN M249-E2 SAW
86%
HK USP.45 Tactical
86%
Benelli M4 Super 90
71%
FN Five-SeveN
71%
Glock-19
71%
HK UMP-45
71%
Steyr Scout
71%
Steyr TMP
57%
Benelli M3 Super 90
43%
HK G3SG/1
43%
SIG SG 552
29%
Accuracy International Arctic Warfare Super Magnum
14%
Beretta 92G Elite II
14%
IMI Galil ARM
14%
SIG Sauer P228
14%
SIG SG 550 SR
14%
No matching quizzes found
Score Distribution
Percent of People with Each Score
Percentile by Number Answered
Your Score History
You have not taken this quiz